| 000 | 01346cam a2200337 a 4500 | ||
|---|---|---|---|
| 999 |
_c5978 _d5978 |
||
| 001 | 17022759 | ||
| 003 | OSt | ||
| 005 | 20210511123508.0 | ||
| 008 | 111027s2012 caua b 000 0 eng c | ||
| 010 | _a 2011942151 | ||
| 016 | 7 |
_a016039562 _2Uk |
|
| 020 | _a9781446241042 | ||
| 020 | _a1446241041 | ||
| 035 | _a(OCoLC)ocn776507762 | ||
| 040 |
_aBTCTA _beng _cBTCTA _dUKMGB _dYDXCP _dCDX _dYNK _dCUD _dOCLCO _dOSU _dDLC |
||
| 042 | _apcc | ||
| 082 | _a001.42 SAG 2012 | ||
| 100 |
_aEdited by Jason Hughes _914210 |
||
| 245 | 0 | 0 | _aSAGE Internet Research Methods |
| 260 |
_aLos Angeles : _bSAGE, _c2012. |
||
| 300 |
_a4 v. : _bill. ; _c24 cm. |
||
| 490 | 1 | _aSAGE library of research methods | |
| 504 | _aIncludes bibliographical references. | ||
| 505 | 0 | _aV. 1. Core issues, debates and controversies in internet research -- v. 2. Taking research online -- internet surveys and sampling -- v. 3. Research online -- qualitative approaches -- v. 4. Research 'On' and 'In' the internet -- investigating the online world. | |
| 650 | 0 |
_aInternet research. _912393 |
|
| 650 | 0 |
_aResearch methods _912394 |
|
| 830 | 0 |
_aSAGE library of research methods. _912396 |
|
| 906 |
_a7 _bcbc _cpccadap _d2 _encip _f20 _gy-gencatlg |
||
| 942 |
_2ddc _cO_SHELF |
||